000 00736cam a22002533a 4500
001 5756
003 PGUSA
005 20140828083124.0
008 040501s2004||||xxu|||||s|||||000 1 eng d
040 _aPGUSA
_beng
042 _adc
050 4 _aPS
100 1 _aTarkington, Booth,
_d1869-1946
245 1 4 _aThe Guest of Quesnay
_h[electronic resource] /
_cBooth Tarkington
260 _bProject Gutenberg,
_c2004
506 _aPublic domain in the USA.
516 _aElectronic text
653 _aPainters -- Fiction
653 _aAmericans -- France -- Fiction
653 _aFrance -- Social life and customs -- Fiction
830 0 _aProject Gutenberg
_v5756
856 4 0 _uhttp://www.gutenberg.org/ebooks/5756
942 _cEB
999 _c235084
_d235084